000 00200nam a2200085 4500
001 1255751
005 20251212114215.0
245 _aHEYECAN BİZİM İŞİMİZ
_cDANİ O. HAGER
260 _bPANAMA YAYINLARI
999 _c1255751
_d1255751